The Hunger Games: Peeta Mellark Trivia - Statistics

General Stats
  • This quiz has been taken 3,507 times
    3,504 since last reset
  • The average score is 15 of 19
Answer Stats
Hint Answer % Correct
How many older brothers does he have? Two
99%
How old is Peeta at the beginning of The Hunger Games? Sixteen
98%
What does Peeta give Katniss when she is starving? bread
97%
What is Peeta's father's occupation? He is a baker
96%
Peeta volunteers for whom in the 75th Hunger Games? Haymitch
92%
What is Peeta's favorite color? orange
91%
After the 74th Hunger Games, Peeta receives a prosthetic _______. leg
90%
When Katniss and Peeta are finally reunited in District 13, he tries to __________ her. strangle
90%
After Peeta is nearly killed by the force field, who revives him? Finnick
89%
Which tribute does Peeta accidentally poison in the 74th Hunger Games? Foxface
88%
Peeta decorates a wedding cake for Finnick and whom? Annie
86%
On the beach, what does Peeta find and give to Katniss? A pearl
80%
How many years does it take for Peeta to convince Katniss to have children? Fifteen
75%
Who is Peeta's stylist for the Hunger Games? Portia
71%
What does Peeta plant around Katniss's house at Victor's Village? primrose
70%
What is the name of the game Peeta uses to sort out his memories after being brainwashed? Real or Not Real
64%
In the 75th Games, which tribute does Peeta comfort as she dies? Morphling
54%
According to Peeta, what is the final defense of the dying? frosting
29%
While in the Capitol, who does Peeta kill by causing him to fall into a barbed wire net? Mitchell
24%
No matching quizzes found
Score Distribution
Percent of People with Each Score
Percentile by Number Answered
Your Score History
You have not taken this quiz since the last reset